|
|
|
|
| LEADER |
01972nam a2200433 i 4500 |
| 001 |
45763 |
| 003 |
BD-DhAAL |
| 005 |
20260514162909.0 |
| 008 |
260514r2023 ja a 000 1 eng |
| 010 |
|
|
|a 77357520
|
| 015 |
|
|
|a GB77-01034
|
| 020 |
|
|
|a 9784805317594
|
| 020 |
|
|
|a 0436459507 :
|c £15.00
|
| 020 |
|
|
|a 9780436459504
|
| 035 |
|
|
|a 3670714
|
| 040 |
|
|
|a DLC
|c DLC
|d DLC
|d OCoLC
|d BD-DhAAL
|
| 041 |
1 |
|
|a eng
|a jpn
|
| 043 |
|
|
|a a-ja---
|
| 050 |
0 |
0 |
|a PL788.4.G4
|b E5 1976b
|
| 082 |
0 |
0 |
|a 895.6314
|2 23
|
| 100 |
0 |
|
|a Murasaki Shikibu,
|d 978?-
|9 60789
|
| 240 |
1 |
0 |
|a Genji monogatari.
|l English
|
| 245 |
1 |
4 |
|a The tale of Genji /
|c Murasaki Shikibu ; translated with an introduction by Edward G. Seidensticker.
|
| 260 |
|
|
|a Tokyo :
|b Tuttle Publishing,
|c 1976 [2023 reprinted].
|
| 300 |
|
|
|a xix, 1090 pages :
|b illustrations ;
|c 20 cm
|
| 500 |
|
|
|a Translation of Genji monogatari.
|
| 500 |
|
|
|a Reprint of ed. originally published, London: Secker & Warburg, 1976.
|
| 526 |
8 |
|
|a AAL
|
| 541 |
1 |
|
|a Donated by Embassy of Japan in Bangladesh, Read Japan Project 2025, The Tokyo Foundation, supported by The Nippon Foundation.
|e 45763
|
| 650 |
|
0 |
|2 Japanese fiction.
|
| 650 |
|
0 |
|2 Japanese fiction
|y To 1600
|v Translations into English.
|9 60793
|
| 651 |
|
0 |
|a Japan
|x Social life and customs
|y To 1600
|x Fiction.
|9 60790
|
| 655 |
|
7 |
|a Romances.
|9 60791
|
| 655 |
|
7 |
|a Parables.
|9 60792
|
| 700 |
|
|
|a Seidensticker, Edward G.
|9 60653
|
| 852 |
1 |
|
|a Ayesha Abed Library
|c General Stacks
|
| 942 |
|
|
|2 ddc
|c BK
|
| 999 |
|
|
|c 47967
|d 47967
|
| 952 |
|
|
|0 0
|1 0
|2 ddc
|4 0
|6 895_631400000000000_MUR
|7 0
|9 79214
|a BRACUL
|b BRACUL
|d 2026-05-14
|e Donated by Embassy of Japan in Bangladesh, Read Japan Project 2025, The Tokyo Foundation, supported by The Nippon Foundation.
|l 0
|o 895.6314 MUR
|p 3010045763
|r 2026-05-14
|t 1
|w 2026-05-14
|y BK
|x Donated copy received from Embassy of Japan in Bangladesh, Read Japan Project 2025, The Tokyo Foundation, supported by The Nippon Foundation on 08 April 2026; $37.75
|